000 00697nam a2200289Ia 4500
005 20260324141606.0
008 008 260324s9999 xx 000 0 eng d
020 _a9780203358443
037 _aEBOOK
040 _aCRL
040 _beng
040 _cCRL
041 _2eng
041 _aeng
084 _qCRL
100 _aA. C. Burnell; Henry Yule
_91208764
245 0 _aHobson-Jobson
245 0 _bGlossary of Colloquial Anglo-Indian Words And Phrases
260 _bTaylor and Francis
260 _c1996
365 _a
365 _b290
856 _uhttp://www.taylorfrancis.com/books/9780203358443
942 _cEBOOK
999 _c1812028
_d1812028